The Arbitration and Dispute Resolution Law Journal (Record no. 118650)

MARC details
000 -LEADER
fixed length control field 00648cas a22002055a 4500
001 - CONTROL NUMBER
control field L49
008 - FIXED-LENGTH DATA ELEMENTS--GENERAL INFORMATION
fixed length control field 070608d19922000xxkqr p 0 a0eng d
022 1# - INTERNATIONAL STANDARD SERIAL NUMBER
International Standard Serial Number 0965-7053
035 ## - SYSTEM CONTROL NUMBER
System control number (Sirsi) u99093
041 0# - LANGUAGE CODE
Language code of text/sound track or separate title eng
245 04 - TITLE STATEMENT
Title The Arbitration and Dispute Resolution Law Journal
260 ## - PUBLICATION, DISTRIBUTION, ETC.
Place of publication, distribution, etc. Colchester
Name of publisher, distributor, etc. Lloyd's of London Press
Date of publication, distribution, etc. 1992-2000
362 0# - DATES OF PUBLICATION AND/OR SEQUENTIAL DESIGNATION
Dates of publication and/or sequential designation (1) March 1992-(4) December 2000
554 ## -
-- Four per year
651 #4 - SUBJECT ADDED ENTRY--GEOGRAPHIC NAME
Geographic name United Kingdom
Chronological subdivision
690 ## - LOCAL SUBJECT ADDED ENTRY--TOPICAL TERM (OCLC, RLIN)
Topical term or geographic name as entry element MANAGEMENT-DISPUTE AVOIDANCE, MANAGEMENT AND RESOLUTION-DISPUTE MANAGEMENT AND RESOLUTION-ARBITRATION
785 00 - SUCCEEDING ENTRY
Title Arbitration Law Monthly
942 ## - ADDED ENTRY ELEMENTS (KOHA)
Suppress in OPAC 0
948 ## - LOCAL PROCESSING INFORMATION (OCLC); SERIES PART DESIGNATOR (RLIN)
c (OCLC) 04/02/1994
Holdings
Withdrawn status Lost status Source of classification or shelving scheme Damaged status Not for loan Home library Current library Shelving location Date acquired Total Checkouts Full call number Barcode Date last seen Price effective from Koha item type
    Other/Generic Classification Scheme     London London Basement 08/06/2007   ARBITRATON LAW MONTHLY 99093-1001 06/08/2019 06/08/2019 Journal